000 00776nam a2200133Ia 4500
008 171212s9999 xx 000 0 und d
020 _a9780833035899
100 _aDobbins, James;Jones, Seth G.;Crane, Keith;Rathmell, Andrew;Steele, Brett
245 _cDobbins, James;Jones, Seth G.;Crane, Keith;Rathmell, Andrew;Steele, Brett
_aThe UN's Role in Nation-Building: From the Congo to Iraq
260 _bRAND Corporation
_c2005
650 _aDemocratization -- Case studies; United Nations -- Peacekeeping forces -- Case studies; United Nations -- Military policy -- Case studies; United Nations -- Economic assistance -- Case studies; United Nations -- Technical assistance -- Case studies; Peace
650 _aPolitical Science
856 _uwww.jstor.org/stable/10.7249/mg304rc
999 _c352734
_d352734